IPL Cricket Teams Quiz Stats

 Plays Quiz Updated Sep 18, 2020

     
Support Sporcle.
Go Orange.
Score 0/8 Timer 02:00
5 Plays Today
% Correct
Mumbai Indians
88%
Chennai Super Kings
82.4%
Delhi Capitals
76.8%
Rajasthan Royals
76.2%
Kolkata Knight Riders
75.4%
Royal Challengers Bangalore
69.5%
Punjab Kings
68.8%
Sunrisers Hyderabad
64.9%

From the Vault

Animated TV Shows by Mug

by timmylemoine1

Who doesn't want to drink coffee out of their favorite character's face?
Remove Ads.
Support Sporcle.
Get the best of Sporcle when you Go Orange. This ad-free experience offers more features, more stats, and more fun while also helping to support Sporcle. Thank you for becoming a member.

Show Comments

Extras

Top Quizzes Today


Score Distribution

Your Account Isn't Verified!

In order to create a playlist on Sporcle, you need to verify the email address you used during registration. Go to your Sporcle Settings to finish the process.

Report this User

Report this user for behavior that violates our Community Guidelines.

Details: